00309nam a2200121Ia 4500008004100000041000800041082001200049100001800061245003000079260003500109300003200144365001100176240624s9999 xx 000 0 und d aeng a658 DAV aDAVE ASHISH J aSTATISTICS FOR MANAGEMENT c2014aNew DelhibHorizon Press aviii, : 312 : p. : cm. ; 23 cRSb25